La sculpture grecque au Musée du Louvre /

Bibliographic Details
Main Author: Charbonneaux, Jean, 1895-1969
Corporate Author: Musée du Louvre
Format: Book
Language:French
Published: Paris : Librairie des Arts Décoratifs, [1936?]
Subjects:

MARC

Tag First Indicator Second Indicator Subfields
LEADER 00000cam a2200000 a 4500
001 in00000015814
005 20151007052616.0
008 811015s1936 fr a 00010 fre d
035 |a (OCoLC)07849533 
035 |9 AAA8494AM 
040 |a RCE  |c RCE  |d m/c  |d TXA  |d UtOrBLW 
043 |a e-gr---  |a e-fr--- 
049 |a TXAM  |c [A12585542] 
050 4 |a NB87.P3  |b M5 1936 
100 1 |a Charbonneaux, Jean,  |d 1895-1969. 
245 1 3 |a La sculpture grecque au Musée du Louvre /  |c Jean Charbonneaux. 
264 1 |a Paris :  |b Librairie des Arts Décoratifs,  |c [1936?] 
300 |a 1 portfolio :  |b illustrations ;  |c 33 cm. 
336 |a text  |b txt  |2 rdacontent 
337 |a unmediated  |b n  |2 rdamedia 
338 |a volume  |b nc  |2 rdacarrier 
650 0 |a Sculpture, Greek. 
650 0 |a Sculpture  |z France  |z Paris. 
710 2 |a Musée du Louvre. 
999 |a MARS 
999 f f |s 3268fefb-a415-3abc-bd4c-846fca6f69f0  |i 56e6455e-dbbf-3c99-9747-df0117d1ff96  |t 0 
952 f f |p normal  |a Texas A&M University  |b College Station  |c Sterling C. Evans Library  |d Evans: Library Stacks  |t 0  |e NB87.P3 M5 1936  |h Library of Congress classification  |i unmediated -- volume  |m A14812585542 
998 f f |a NB87.P3 M5 1936  |t 0  |l Evans: Library Stacks